English Loanwords (A-Z) Quiz Stats

 Plays Quiz Updated Jul 12, 2018

Challenge
Share
Tweet
Embed
Score 0/26 Timer 06:00
1 Play Today
Definition (Origin) Loanword % Correct
A small room used as a hot-air or steam bath, for cleaning and refreshing. (Finnish)Sauna
89.3%
A place or a state that resembles or suggests hell, or an intense fire. (Italian)Inferno
85.2%
Fear and hatred of strangers or foreigners or of anything that is strange or foreign. (Greek*)Xenophobia
84.9%
A usually cotton-filled mattress used on the floor or in a frame as a bed or chair. (Japanese)Futon
84.8%
A milk-based product thickened by a bacterium-aided curdling process. (Turkish)Yogurt
82.4%
A clumsy, awkward, or foolish person.
(Yiddish)
Klutz
79.7%
A coercive institution, or an oppressive environment (Russian)Gulag
71.3%
The ruling council of a military dictatorship. (Spanish)Junta
69.7%
An often prolonged series of retaliatory, vengeful, or hostile acts. (Italian)Vendetta
67.9%
The general intellectual, moral, and cultural climate of an era. (German)Zeitgeist
67.5%
A machine that automatically performs complicated, often repetitive tasks. (Czech*)Robot
66.8%
Concentrated resin from female hemp plants that is used for its intoxicating effect. (Arabic)Hashish
66.1%
A child prodigy. (German)Wunderkind
66%
Definition (Origin) Loanword % Correct
Acting with desire to do noble or romantic deeds, exceedingly idealistic. (Spanish)Quixotic
63.9%
A feeling of weariness and dissatisfaction. (French)Ennui
62.8%
Lack of sophistication, experience, judgment or worldliness. (French)Naïveté
62.3%
Supreme self-confidence or audacity, used approvingly. (Yiddish)Chutzpah
60.5%
The relaxation of strained relations or tensions, especially between nations. (French)Détente
60.1%
A government official who deals with the complaints made against it. (Swedish)Ombudsman
55.1%
A businessperson of exceptional wealth, power, and influence. (Japanese)Tycoon
54.1%
A powerful often violent whirlpool sucking in objects within a given radius. (Dutch)Maelstrom
52.7%
An organized massacre of helpless people, specifically Jews. (Russian)Pogrom
50.2%
Superior future man who rises above conventional morality to impose his own values, as described by Nietzsche. (German)Übermensch
46.4%
A dominant recurring theme, usually in a musical or literary composition. (German)Leitmotif
34.6%
In a violently raging, wild, or uncontrolled manner. (Malay)Amok
33.6%
A boss or master, often used as a title or form of address. (Swahili)Bwana
27.4%

You're not logged in!

Compare scores with friends on all Sporcle quizzes.
Join for Free
OR
Log In

You Might Also Like...

Show Comments

Extras

Top Quizzes Today


Score Distribution

Your Account Isn't Verified!

In order to create a playlist on Sporcle, you need to verify the email address you used during registration. Go to your Sporcle Settings to finish the process.

Report this User

Report this user for behavior that violates our Community Guidelines.

Details: